Taller de oración teresiana : moradas de amistad /

Uloženo v:
Podrobná bibliografie
Médium: Kniha
Jazyk:španělština
Témata:
Tagy: Přidat tag
Žádné tagy, Buďte první, kdo vytvoří štítek k tomuto záznamu!

MARC

LEADER 00000nam^a2200000^a^4500
001 000311551
005 20250521000000.0
009 20260310113049.413
037 |a Acervo ITESO - Biblioteca 
041 |a ESP 
082 |a 248. 32  |b TAL 
245 0 0 |a Taller de oración teresiana :  |b moradas de amistad / 
264 |a Guadalajara, México :  |b Centro de Espiritualidad de los Carmelitas Descalzos,  |c fecha no identificada 
300 |a 80 p. 
336 |a texto  |b txt  |2 rdacontenido 
337 |a sin mediación  |b n  |2 rdamedio 
338 |a volumen  |b nc  |2 rdasoporte 
649 |a XX 
650 |a Oración (Religión) -  |x Tema Principal 
650 |a Espiritualidad 
910 |a Fondo General 
920 |a Impresos - Libros 
930 |a Colección General 
905 |a 101 
901 |a 0500198246  |b IT1  |c ACC  |i D53850  |u 20250521 
902 |a https://opac.biblio.iteso.mx/vufind/Record/000311551